Oil review africa (Record no. 38592)

MARC details
000 -LEADER
fixed length control field 00414nam a2200157Ia 4500
022 ## - INTERNATIONAL STANDARD SERIAL NUMBER
ISSN 0955212618
050 ## - CALL MARK
Classification number TN 1 .O35/
245 #0 - TITLE STATEMENT
Title Oil review africa
260 ## - PUBLICATION, DISTRIBUTION, ETC. (IMPRINT)
Name of publisher Alain Charles
260 ## - PUBLICATION, DISTRIBUTION, ETC. (IMPRINT)
Year of publication 2010
300 ## - PHYSICAL DESCRIPTION
Number of Pages v. , 94 p. : ill. ; 30 cm.
650 ## - SUBJECT ADDED ENTRY--TOPICAL TERM
Topical Term Petroleum engineering--Periodicals. Geology and Geophysics
942 ## - ADDED ENTRY ELEMENTS (KOHA)
Koha item type Serials

No items available.